[Event "Monarch Assurance Isle of Man 7th"]
[Site "Port Erin IOM"]
[Date "1998.11.07"]
[Round "1"]
[White "Baburin, Alexander"]
[Black "Gullaksen, Eirik"]
[Result "0-1"]
[WhiteElo "2590"]
[BlackElo "2360"]
[PlyCount "80"]
[EventDate "1998.11.07"]
[EventType "swiss"]
[EventRounds "9"]
[EventCountry "IOM"]

1. d4 Nf6 2. Nf3 g6 3. c4 Bg7 4. g3 O-O 5. Bg2 d6 6. O-O Nc6 7. Nc3 e5 8. dxe5
Nxe5 9. Nxe5 dxe5 10. Qxd8 Rxd8 11. Bg5 Rd4 12. Be3 Rxc4 13. Rfd1 Bd7 14. Bxb7
Rb8 15. Ba6 Rc6 16. Bb5 Rxc3 17. Bxd7 Rxb2 18. Ba4 Bf8 19. Bb3 Rxe3 20. fxe3
Bc5 21. Kf1 Ng4 22. Rd7 Nxe3+ 23. Ke1 Rxb3 24. axb3 Nc2+ 25. Kd1 Nxa1 26. Rd3
a5 27. Kc1 e4 28. Rd8+ Kg7 29. Kb2 Be7 30. Re8 Bf6+ 31. Ka3 Nc2+ 32. Ka4 e3 33.
Kxa5 Bc3+ 34. Kb5 Bd4 35. Kc4 Bb6 36. b4 h5 37. Re4 g5 38. h4 f6 39. Kd3 Ne1+
40. Kc4 Kg6 0-1

[Event "Monarch Assurance Isle of Man 7th"]
[Site "Port Erin IOM"]
[Date "1998.11.07"]
[Round "1"]
[White "Bourne, James"]
[Black "Benson, Paul"]
[Result "1-0"]
[WhiteElo "2065"]
[BlackElo "2010"]
[PlyCount "104"]
[EventDate "1998.11.07"]
[EventType "swiss"]
[EventRounds "9"]
[EventCountry "IOM"]

1. d4 e6 2. Nf3 d5 3. c4 c6 4. Nc3 f5 5. Bf4 Bd6 6. Bxd6 Qxd6 7. e3 Nh6 8. Ne5
O-O 9. Bd3 Nd7 10. Nxd7 Bxd7 11. h3 f4 12. Qe2 fxe3 13. Qxe3 dxc4 14. Bxc4 Nf5
15. Qe5 Qxd4 16. Qxd4 Nxd4 17. O-O-O c5 18. Ne4 b6 19. f3 Bc6 20. Rhe1 Bd5 21.
Bxd5 exd5 22. Nc3 Rad8 23. Re5 Rf5 24. Rxf5 Nxf5 25. Rxd5 Rxd5 26. Nxd5 Nh4 27.
Ne3 Kf7 28. Kd2 Ke6 29. f4 Nf5 30. Nxf5 Kxf5 31. Ke3 h5 32. g3 Ke6 33. Ke4 g6
34. g4 h4 35. a4 a6 36. b3 a5 37. g5 Kd6 38. f5 gxf5+ 39. Kxf5 Ke7 40. Kg6 b5
41. axb5 a4 42. bxa4 c4 43. Kh7 c3 44. g6 c2 45. g7 c1=Q 46. g8=Q Qc2+ 47. Qg6
Qxa4 48. b6 Kd7 49. Qf7+ Kd8 50. Qc7+ Ke8 51. b7 Qe4+ 52. Kh8 Qe5+ 1-0

[Event "Monarch Assurance Isle of Man 7th"]
[Site "Port Erin IOM"]
[Date "1998.11.07"]
[Round "1"]
[White "Cooper, Lawrence"]
[Black "Sutovsky, Emil"]
[Result "0-1"]
[WhiteElo "2335"]
[BlackElo "2575"]
[PlyCount "70"]
[EventDate "1998.11.07"]
[EventType "swiss"]
[EventRounds "9"]
[EventCountry "IOM"]

1. e4 c5 2. Nf3 d6 3. Bc4 Nc6 4. O-O Nf6 5. d3 g6 6. Nbd2 Bg7 7. c3 O-O 8. Bb3
b6 9. a4 d5 10. exd5 Nxd5 11. Nc4 Bf5 12. Re1 Qc7 13. Nh4 Be6 14. Bg5 Rad8 15.
Rxe6 fxe6 16. Qg4 Bf6 17. Bh6 Bxh4 18. Bxf8 Bxf2+ 19. Kxf2 Rxf8+ 20. Kg1 Nf4
21. Re1 Rf5 22. Re3 Qd8 23. h4 Qf8 24. Bc2 Qf6 25. Re1 Ne5 26. Nxe5 Rxe5 27.
Rxe5 Qxe5 28. Bb3 Kg7 29. Bc4 Qe1+ 30. Kh2 Ne2 31. Qe4 h5 32. Qe5+ Kh7 33. Qe3
Qxh4+ 34. Qh3 Qf2 35. Qxe6 Qg1+ 0-1

[Event "Monarch Assurance Isle of Man 7th"]
[Site "Port Erin IOM"]
[Date "1998.11.07"]
[Round "1"]
[White "Ellison, D George"]
[Black "Nicholson, John"]
[Result "1-0"]
[WhiteElo "2095"]
[BlackElo "2045"]
[PlyCount "55"]
[EventDate "1998.11.07"]
[EventType "swiss"]
[EventRounds "9"]
[EventCountry "IOM"]

1. e4 c5 2. c3 b6 3. d4 Bb7 4. Bd3 e6 5. Nf3 Ne7 6. O-O Ng6 7. Re1 f6 8. Nbd2
Be7 9. Nf1 O-O 10. h4 f5 11. h5 Nh4 12. Nxh4 Bxh4 13. exf5 cxd4 14. g3 dxc3 15.
gxh4 Qxh4 16. Ng3 exf5 17. Qb3+ d5 18. Qxc3 Nc6 19. Bf1 Rac8 20. Ne2 Qxh5 21.
Nf4 Qg4+ 22. Bg2 g5 23. Ne6 Rf7 24. Bxg5 Nb4 25. f3 Rxc3 26. fxg4 Rg3 27. Nd8
Rxg4 28. Bh6 1-0

[Event "Monarch Assurance Isle of Man 7th"]
[Site "Port Erin IOM"]
[Date "1998.11.07"]
[Round "1"]
[White "Fridman, Daniel"]
[Black "Farndon, David"]
[Result "1/2-1/2"]
[WhiteElo "2515"]
[BlackElo "2250"]
[PlyCount "95"]
[EventDate "1998.11.07"]
[EventType "swiss"]
[EventRounds "9"]
[EventCountry "IOM"]

1. d4 Nf6 2. Nf3 g6 3. g3 Bg7 4. Bg2 O-O 5. c4 c5 6. O-O cxd4 7. Nxd4 Nc6 8.
Nc3 Nxd4 9. Qxd4 d6 10. Bd2 a6 11. Rfd1 Ng4 12. Qf4 Be5 13. Qf3 Bg7 14. b3 Ne5
15. Qf4 Nc6 16. Rac1 Be6 17. Qh4 Re8 18. Bh6 Qa5 19. Nd5 Rac8 20. Rc2 Nb4 21.
Nxb4 Qxb4 22. Bg5 Rc7 23. Rdc1 Bf5 24. e4 Be6 25. Bd2 Qa3 26. Qg5 Bf6 27. Qa5
Qc5 28. Bb4 Qxa5 29. Bxa5 Rd7 30. Bb6 Rc8 31. a4 g5 32. f4 gxf4 33. gxf4 Bg4
34. Bf1 Bg7 35. h3 Bf3 36. Re1 d5 37. exd5 Bxd5 38. Rd1 Be6 39. Rxd7 Bxd7 40.
Bg2 Bc6 41. a5 Bh6 42. f5 Kf8 43. Re2 Bf4 44. f6 e5 45. Bc5+ Ke8 46. Be7 Kd7
47. Bxc6+ Rxc6 48. Rg2 1/2-1/2

[Event "Monarch Assurance Isle of Man 7th"]
[Site "Port Erin IOM"]
[Date "1998.11.07"]
[Round "1"]
[White "Garnett, John"]
[Black "O'Rourke, Ray"]
[Result "1-0"]
[WhiteElo "2030"]
[BlackElo "2095"]
[PlyCount "85"]
[EventDate "1998.11.07"]
[EventType "swiss"]
[EventRounds "9"]
[EventCountry "IOM"]

1. d4 Nf6 2. Bg5 e6 3. e4 Be7 4. e5 Nd5 5. Bxe7 Qxe7 6. c3 O-O 7. Nf3 b6 8. Bd3
f5 9. exf6 Nxf6 10. O-O Bb7 11. Re1 c5 12. Nbd2 cxd4 13. cxd4 Na6 14. Rc1 Nb4
15. Bb1 Nbd5 16. Ne4 Rac8 17. Qd3 g6 18. Neg5 Nf4 19. Qd2 Qd6 20. Ne4 Nxe4 21.
Bxe4 Ba6 22. Rxc8 Rxc8 23. g3 Nd5 24. Ne5 Ne7 25. Ng4 Rf8 26. Qg5 Bc4 27. h4
Nf5 28. Bxf5 exf5 29. Nh6+ Kh8 30. Qe7 Rf6 31. g4 fxg4 32. Nxg4 Re6 33. Rxe6
Qxe6 34. Qf8+ Qg8 35. Qf6+ Qg7 36. Qd8+ Bg8 37. Nf6 d5 38. Kg2 Qf7 39. Kg3 Kg7
40. Nxg8 Qf5 41. Ne7 Qd3+ 42. f3 Qxd4 43. Qg8+ 1-0

[Event "Monarch Assurance Isle of Man 7th"]
[Site "Port Erin IOM"]
[Date "1998.11.07"]
[Round "1"]
[White "Jackson, Adrian"]
[Black "Ward, Chris"]
[Result "0-1"]
[WhiteElo "2225"]
[BlackElo "2505"]
[PlyCount "100"]
[EventDate "1998.11.07"]
[EventType "swiss"]
[EventRounds "9"]
[EventCountry "IOM"]

1. e4 c5 2. Nf3 d6 3. d4 cxd4 4. Nxd4 Nf6 5. Nc3 g6 6. Be3 Bg7 7. f3 Nc6 8. Qd2
O-O 9. O-O-O Bd7 10. h4 Rc8 11. h5 Nxh5 12. g4 Nf6 13. Qh2 Nxd4 14. Bxd4 e5 15.
Nd5 h6 16. Be3 Nxd5 17. Rxd5 Be6 18. Rb5 g5 19. Rxb7 d5 20. Bd3 Qf6 21. Qe2 d4
22. Bd2 a5 23. a3 Rc5 24. Ra7 Rb8 25. Bxa5 Bf8 26. Bb4 Rc6 27. Bxf8 Kxf8 28.
Ra6 Ba2 29. Rxc6 Qxc6 30. Qd2 Kg7 31. Qa5 f6 32. Qd2 Bf7 33. Qh2 h5 34. gxh5
Qb6 35. h6+ Kh7 36. b4 Qe6 37. Kd2 Qa2 38. Ke2 Rc8 39. Kf1 Qxa3 40. Qh3 Qc1+
41. Kg2 Qd2+ 42. Kg1 g4 43. Qg2 Qe3+ 44. Qf2 gxf3 45. Qxe3 dxe3 46. Rh3 Rg8+
47. Kf1 e2+ 48. Bxe2 fxe2+ 49. Kxe2 Rb8 50. c3 Bc4+ 0-1

[Event "Monarch Assurance Isle of Man 7th"]
[Site "Port Erin IOM"]
[Date "1998.11.07"]
[Round "1"]
[White "Jansa, Vlastimil"]
[Black "Allen, Keith"]
[Result "1-0"]
[WhiteElo "2490"]
[BlackElo "2300"]
[PlyCount "77"]
[EventDate "1998.11.07"]
[EventType "swiss"]
[EventRounds "9"]
[EventCountry "IOM"]

1. e4 e5 2. Nf3 Nc6 3. Bb5 a6 4. Ba4 Nf6 5. O-O Be7 6. Re1 b5 7. Bb3 d6 8. c3
O-O 9. h3 Bb7 10. d4 Re8 11. a4 h6 12. Nbd2 Bf8 13. d5 Nb8 14. c4 c6 15. Bc2
bxc4 16. dxc6 Nxc6 17. Nxc4 Nb4 18. Bb1 d5 19. exd5 e4 20. Nfe5 Qxd5 21. Qxd5
Bxd5 22. b3 Bc5 23. Bb2 Rad8 24. Kf1 Bd4 25. Bxd4 Bxc4+ 26. Nxc4 Rxd4 27. a5
Re6 28. Ra4 Nfd5 29. Ne3 Rd2 30. Nxd5 Nxd5 31. Raxe4 Rxe4 32. Bxe4 Kf8 33. Rc1
Ke7 34. Rc4 Kd6 35. Ke1 Ra2 36. Bxd5 Kxd5 37. Rc7 Rxa5 38. Rxf7 g5 39. Rf5+ 1-0

[Event "Monarch Assurance Isle of Man 7th"]
[Site "Port Erin IOM"]
[Date "1998.11.07"]
[Round "1"]
[White "Ledger, Andrew"]
[Black "Spanton, Tim"]
[Result "1-0"]
[WhiteElo "2450"]
[BlackElo "2115"]
[PlyCount "69"]
[EventDate "1998.11.07"]
[EventType "swiss"]
[EventRounds "9"]
[EventCountry "IOM"]

1. e4 e5 2. Bc4 Nc6 3. Nc3 Nf6 4. d3 Na5 5. Qf3 Nxc4 6. dxc4 Be7 7. Nge2 d6 8.
h3 Be6 9. b3 O-O 10. O-O Nd7 11. Ng3 Bg5 12. Nd5 Bxc1 13. Raxc1 Bxd5 14. cxd5
g6 15. c4 a5 16. Rfe1 Qg5 17. Qg4 Qxg4 18. hxg4 b6 19. f3 Kg7 20. Kf2 Nf6 21.
a3 Nd7 22. Rc3 Rh8 23. Rh1 h6 24. Ke3 Rhe8 25. Ne2 Ra7 26. Rcc1 Nc5 27. Rb1 Rc8
28. Nc3 Nd7 29. Nb5 Raa8 30. Rh2 Nf6 31. Rbh1 h5 32. g5 Nd7 33. g4 hxg4 34.
Nxc7 Rab8 35. Ne6+ 1-0

[Event "Monarch Assurance Isle of Man 7th"]
[Site "Port Erin IOM"]
[Date "1998.11.07"]
[Round "1"]
[White "McLean, John"]
[Black "Summerscale, Aaron"]
[Result "0-1"]
[WhiteElo "2135"]
[BlackElo "2455"]
[PlyCount "82"]
[EventDate "1998.11.07"]
[EventType "swiss"]
[EventRounds "9"]
[EventCountry "IOM"]

1. e4 Nf6 2. e5 Nd5 3. d4 d6 4. Nf3 dxe5 5. Nxe5 g6 6. Bc4 c6 7. O-O Bg7 8. Bb3
O-O 9. c4 Nb6 10. Nc3 Be6 11. f4 N8d7 12. c5 Nd5 13. Ne4 Nc7 14. Ng5 Bd5 15.
Bc2 e6 16. Ne4 Bxe4 17. Bxe4 Nf6 18. Bf3 Nb5 19. Be3 Nd5 20. Bxd5 Qxd5 21. a4
Nc7 22. Ra3 Rfd8 23. Qc2 Ne8 24. Rb3 Rab8 25. Bf2 Nf6 26. Re1 Nd7 27. Rh3 Nxe5
28. fxe5 b6 29. Rc3 Bf8 30. b4 bxc5 31. bxc5 Bg7 32. h3 Rb4 33. Rb1 Rdb8 34.
Rxb4 Rxb4 35. Rd3 f6 36. a5 a6 37. Qd2 Rb1+ 38. Kh2 fxe5 39. dxe5 Bxe5+ 40. Bg3
Bxg3+ 41. Kxg3 Rb3 0-1

[Event "Monarch Assurance Isle of Man 7th"]
[Site "Port Erin IOM"]
[Date "1998.11.07"]
[Round "1"]
[White "Palliser, Richard"]
[Black "Arkell, Keith C"]
[Result "0-1"]
[WhiteElo "2175"]
[BlackElo "2475"]
[PlyCount "98"]
[EventDate "1998.11.07"]
[EventType "swiss"]
[EventRounds "9"]
[EventCountry "IOM"]

1. d4 e6 2. c4 Bb4+ 3. Bd2 Bxd2+ 4. Qxd2 d5 5. Nc3 Nf6 6. Nf3 O-O 7. e3 Nc6 8.
Rc1 Qe7 9. cxd5 exd5 10. Bb5 Nd8 11. Qc2 a6 12. Bd3 Nc6 13. Qb3 Bg4 14. Nxd5
Nxd5 15. Qxd5 Qb4+ 16. Nd2 Qxb2 17. Rb1 Qa3 18. Qb3 Qa5 19. Qc2 Nb4 20. Bxh7+
Kh8 21. Qc3 Kxh7 22. Rxb4 Qxa2 23. O-O Bc8 24. Ra1 Qd5 25. Qxc7 b5 26. e4 Qd8
27. Qe5 Re8 28. Qh5+ Kg8 29. Nf3 f6 30. e5 Bb7 31. exf6 Qxf6 32. Ng5 Rac8 33.
Rb3 Be4 34. Nxe4 Rxe4 35. Qd5+ Qe6 36. Qxe6+ Rxe6 37. Rb2 Rd6 38. g3 Rcc6 39.
Rd1 Rb6 40. Kf1 b4 41. Ke2 a5 42. Ra1 Rb5 43. Ke3 Rc6 44. Ke4 Kf7 45. d5 Rc4+
46. Kd3 Rc3+ 47. Kd4 Rbc5 48. Re2 R3c4+ 49. Ke5 b3 0-1

[Event "Monarch Assurance Isle of Man 7th"]
[Site "Port Erin IOM"]
[Date "1998.11.07"]
[Round "1"]
[White "Plaskett, James"]
[Black "Longson, Alex"]
[Result "1-0"]
[WhiteElo "2455"]
[BlackElo "2135"]
[PlyCount "101"]
[EventDate "1998.11.07"]
[EventType "swiss"]
[EventRounds "9"]
[EventCountry "IOM"]

1. e4 c5 2. Nc3 Nc6 3. Nf3 e5 4. Bc4 d6 5. d3 Be7 6. Ng5 Bxg5 7. Qh5 g6 8. Qxg5
Qxg5 9. Bxg5 h6 10. Be3 Be6 11. Nd5 O-O-O 12. c3 Na5 13. Bb5 Bxd5 14. exd5 a6
15. Ba4 b5 16. Bc2 Nb7 17. b4 Ne7 18. Bb3 Nf5 19. a4 Nxe3 20. fxe3 Kc7 21. g4
Rhf8 22. O-O f5 23. gxf5 Rxf5 24. Rxf5 gxf5 25. Kf2 Rg8 26. axb5 axb5 27. Bd1
Kb6 28. Rb1 Ra8 29. Bb3 Ra3 30. h4 e4 31. dxe4 fxe4 32. h5 c4 33. Bc2 Rxc3 34.
Bxe4 Nd8 35. Bg6 Ra3 36. Kf3 Ra7 37. Ke4 Nf7 38. Rf1 Ng5+ 39. Kd4 Ra3 40. Rf6
Kc7 41. Bc2 Ra2 42. Kc3 Ra3+ 43. Kd4 Ra2 44. Kc3 Ra3+ 45. Kd2 Ra2 46. Rxh6 Ne4+
47. Kc1 Nf2 48. Kb1 Ra3 49. Re6 Ng4 50. Kb2 Ra8 51. h6 1-0

[Event "Monarch Assurance Isle of Man 7th"]
[Site "Port Erin IOM"]
[Date "1998.11.07"]
[Round "1"]
[White "Rausis, Igors"]
[Black "Daly, Colm"]
[Result "0-1"]
[WhiteElo "2535"]
[BlackElo "2295"]
[PlyCount "80"]
[EventDate "1998.11.07"]
[EventType "swiss"]
[EventRounds "9"]
[EventCountry "IOM"]

1. Nf3 Nf6 2. g3 d5 3. Bg2 c6 4. O-O Bg4 5. d4 e6 6. Nbd2 Be7 7. Re1 O-O 8. e4
Nbd7 9. c3 a5 10. a4 dxe4 11. Nxe4 Nxe4 12. Rxe4 Nf6 13. Re1 Qb6 14. Qc2 Bf5
15. Qe2 Be4 16. Bf1 Bxf3 17. Qxf3 Rfe8 18. Bc4 Bf8 19. h4 Nd5 20. Re2 g6 21. h5
Bg7 22. Kg2 Qd8 23. Bd2 Qf6 24. Qe4 Qf5 25. f3 Nf6 26. Qe3 b5 27. axb5 cxb5 28.
Bd3 Qxh5 29. g4 Qd5 30. g5 Nh5 31. Be4 Qc4 32. Bxa8 Nf4+ 33. Kf2 Nxe2 34. Qe4
Nxd4 35. cxd4 Qxd4+ 36. Ke2 Qxb2 37. Rb1 Qa2 38. Rd1 Rd8 39. Ke1 Qb3 40. Rb1
Qa2 0-1

[Event "Monarch Assurance Isle of Man 7th"]
[Site "Port Erin IOM"]
[Date "1998.11.07"]
[Round "1"]
[White "Rice, Chris"]
[Black "Hanley, Craig"]
[Result "1/2-1/2"]
[WhiteElo "2095"]
[BlackElo "2010"]
[PlyCount "80"]
[EventDate "1998.11.07"]
[EventType "swiss"]
[EventRounds "9"]
[EventCountry "IOM"]

1. c4 e5 2. g3 Nf6 3. Bg2 d5 4. cxd5 Nxd5 5. Nc3 Nb6 6. Nf3 Nc6 7. O-O Be7 8.
a3 Be6 9. d3 O-O 10. Be3 f5 11. Rc1 Bf6 12. Ne1 Nd4 13. Bxb7 Rb8 14. Bg2 Nb3
15. Rb1 c5 16. f4 Nd5 17. Nxd5 Bxd5 18. fxe5 Bxe5 19. Bf4 Re8 20. Bxe5 Rxe5 21.
Bxd5+ Qxd5 22. Nf3 Re7 23. Nd2 Qd4+ 24. Rf2 Na5 25. Nf3 Qe3 26. Qd2 Nb3 27.
Qxe3 Rxe3 28. Kf1 g6 29. Rd1 Re7 30. Nd2 Na5 31. Rb1 Reb7 32. b4 cxb4 33. Rxb4
Rxb4 34. axb4 Rxb4 35. e4 fxe4 36. dxe4 Nc6 37. Rf6 Ne5 38. Ra6 Rb2 39. Ke1
Nd3+ 40. Ke2 Nc5 1/2-1/2

[Event "Monarch Assurance Isle of Man 7th"]
[Site "Port Erin IOM"]
[Date "1998.11.07"]
[Round "1"]
[White "Ryan, Joe"]
[Black "Miezis, Normunds"]
[Result "0-1"]
[WhiteElo "2280"]
[BlackElo "2515"]
[PlyCount "106"]
[EventDate "1998.11.07"]
[EventType "swiss"]
[EventRounds "9"]
[EventCountry "IOM"]

1. d4 Nf6 2. Nf3 e6 3. e3 c5 4. Bd3 Nc6 5. O-O b6 6. c4 Bb7 7. Nc3 Bd6 8. d5
Ne5 9. e4 Ng6 10. Re1 Ng4 11. h3 N4e5 12. Nxe5 Bxe5 13. Bd2 Qf6 14. Qg4 Nf4 15.
Bf1 h5 16. Qf3 g5 17. Bxf4 gxf4 18. Rab1 Ke7 19. Ne2 Rhg8 20. Nc1 d6 21. Nd3
Rg5 22. Nxe5 Qxe5 23. Qc3 Kf6 24. Qxe5+ Kxe5 25. f3 Bc8 26. h4 Rg8 27. Rbd1 a6
28. Rd2 b5 29. b3 b4 30. a4 bxa3 31. Ra1 Rb8 32. Rxa3 Rb6 33. Be2 Bb7 34. Bd1
exd5 35. exd5 Bc8 36. Bc2 Bf5 37. Re2+ Kf6 38. Bxf5 Kxf5 39. Re7 f6 40. Ra7
Rgb8 41. R7xa6 Rxa6 42. Rxa6 Ke5 43. Ra3 Rb6 44. Kf2 f5 45. Ke2 Kd4 46. Kf2 Kc3
47. g3 Kb2 48. Ra8 Kxb3 49. Rf8 Kxc4 50. gxf4 Kd3 51. Rxf5 c4 52. Rf7 c3 53.
Rc7 c2 0-1

[Event "Monarch Assurance Isle of Man 7th"]
[Site "Port Erin IOM"]
[Date "1998.11.08"]
[Round "2"]
[White "Allen, Keith"]
[Black "Rice, Chris"]
[Result "0-1"]
[WhiteElo "2300"]
[BlackElo "2095"]
[PlyCount "80"]
[EventDate "1998.11.07"]
[EventType "swiss"]
[EventRounds "9"]
[EventCountry "IOM"]

1. d4 d5 2. c4 c6 3. cxd5 cxd5 4. Nc3 Nc6 5. Nf3 Nf6 6. Bf4 Bf5 7. e3 e6 8. Bb5
Nd7 9. Qa4 Rc8 10. Bxc6 Rxc6 11. Qxa7 Qc8 12. Qa5 Ra6 13. Qc7 Qa8 14. O-O Bd3
15. Rfd1 Rc6 16. Qxc6 bxc6 17. Rxd3 Qa6 18. Rdd1 Bb4 19. Rac1 Ke7 20. a3 Bd6
21. Bxd6+ Kxd6 22. Na2 Rc8 23. Nb4 Qb7 24. e4 dxe4 25. Nd2 f5 26. Nc4+ Ke7 27.
Na5 Qb6 28. Naxc6+ Ke8 29. a4 Nb8 30. a5 Qb7 31. Nxb8 Rxc1 32. Rxc1 Qxb4 33.
Na6 Qxa5 34. Nc7+ Kd7 35. g3 Qd2 36. Rc4 Qd3 37. Rc3 Qxd4 38. Na6 Qd2 39. Rc7+
Kd6 40. Rxg7 Qxb2 0-1

[Event "Monarch Assurance Isle of Man 7th"]
[Site "Port Erin IOM"]
[Date "1998.11.08"]
[Round "2"]
[White "Daly, Colm"]
[Black "Jansa, Vlastimil"]
[Result "1/2-1/2"]
[WhiteElo "2295"]
[BlackElo "2490"]
[PlyCount "166"]
[EventDate "1998.11.07"]
[EventType "swiss"]
[EventRounds "9"]
[EventCountry "IOM"]

1. d4 Nf6 2. c4 g6 3. Nf3 Bg7 4. g3 O-O 5. Bg2 d5 6. O-O dxc4 7. Na3 Nc6 8.
Nxc4 Be6 9. b3 Bd5 10. Bb2 a5 11. e3 a4 12. Rc1 axb3 13. axb3 Ra2 14. Ra1 Qa8
15. Qb1 Rxa1 16. Qxa1 b5 17. Ncd2 Nb4 18. Bc3 Na2 19. Bb2 Nb4 20. Bc3 Na2 21.
Bb2 Ne4 22. Nxe4 Bxe4 23. Ne1 Bxg2 24. Nxg2 Nb4 25. Nf4 g5 26. Bc3 Qxa1 27.
Rxa1 Nc2 28. Rc1 Nxd4 29. Bxd4 Bxd4 30. Nd5 Be5 31. Nxe7+ Kg7 32. Rc5 Bf6 33.
Nf5+ Kg6 34. g4 h5 35. h3 hxg4 36. hxg4 Rd8 37. Rxb5 Rd3 38. Kg2 Rc3 39. Kf3
Rc2 40. Rb7 Be5 41. Ke4 Bh2 42. f3 Rc5 43. Rb8 Re5+ 44. Kd3 Rd5+ 45. Kc4 Rd2
46. Rh8 Kf6 47. Kc3 Ra2 48. Kd4 Ke6 49. Ke4 Rb2 50. Re8+ Kf6 51. Rb8 Ke6 52. b4
Bd6 53. Nd4+ Kf6 54. Nc6 Rc2 55. b5 Rc4+ 56. Kd3 Rc1 57. Rb7 Rb1 58. Ke4 Rb2
59. Kd5 Bg3 60. Nd4 Rb1 61. Ra7 Rd1 62. Ra6+ Ke7 63. Ke4 Bd6 64. Nf5+ Kd7 65.
b6 cxb6 66. Rxb6 Bc7 67. Rb5 Ra1 68. Nd4 f6 69. Rd5+ Ke7 70. Kf5 Ra6 71. Nb5
Be5 72. f4 gxf4 73. exf4 Bb2 74. Rd2 Ba1 75. Nc7 Ra5+ 76. Kg6 Ra4 77. Re2+ Kd7
78. Ne6 Kd6 79. Kh5 Bc3 80. f5 Ra8 81. Rg2 Rh8+ 82. Kg6 Kd5 83. Kg7 Ra8 1/2-1/2

[Event "Monarch Assurance Isle of Man 7th"]
[Site "Port Erin IOM"]
[Date "1998.11.08"]
[Round "2"]
[White "Davies, Paul"]
[Black "Rausis, Igors"]
[Result "0-1"]
[WhiteElo "2055"]
[BlackElo "2535"]
[PlyCount "60"]
[EventDate "1998.11.07"]
[EventType "swiss"]
[EventRounds "9"]
[EventCountry "IOM"]

1. e4 c6 2. d4 d5 3. exd5 cxd5 4. c4 Nf6 5. Nc3 e6 6. Nf3 Bb4 7. Bd3 dxc4 8.
Bxc4 O-O 9. O-O b6 10. Bg5 Bb7 11. Ne5 Be7 12. Re1 Nbd7 13. Nxd7 Qxd7 14. d5
Qc8 15. Qb3 Nxd5 16. Bxe7 Nxe7 17. Bxe6 fxe6 18. Rxe6 Nd5 19. Re5 Qc5 20. Ne4
Qd4 21. Re7 Bc6 22. Rd1 Qb4 23. Re6 Qxb3 24. axb3 Nb4 25. Rd4 Bxe4 26. Rexe4
Rfd8 27. g3 Rxd4 28. Rxd4 a5 29. Rd6 Rb8 30. f4 Rb7 0-1

[Event "Monarch Assurance Isle of Man 7th"]
[Site "Port Erin IOM"]
[Date "1998.11.08"]
[Round "2"]
[White "Farndon, David"]
[Black "Garnett, John"]
[Result "1/2-1/2"]
[WhiteElo "2250"]
[BlackElo "2030"]
[PlyCount "111"]
[EventDate "1998.11.07"]
[EventType "swiss"]
[EventRounds "9"]
[EventCountry "IOM"]

1. Nf3 Nf6 2. c4 g6 3. g3 Bg7 4. Bg2 O-O 5. O-O d6 6. Nc3 c5 7. d3 Nc6 8. Bd2
Rb8 9. Ne1 a6 10. a3 Bd7 11. Nc2 b5 12. cxb5 axb5 13. b4 cxb4 14. Nxb4 Nxb4 15.
axb4 Ng4 16. Ra3 Ne5 17. Qb3 Bc6 18. Rc1 Bxg2 19. Kxg2 Qd7 20. f3 Rfc8 21. Nd5
Rxc1 22. Bxc1 Nc6 23. Ra6 e6 24. Rxc6 exd5 25. Qxd5 Rc8 26. Rxc8+ Qxc8 27. Bf4
Qe8 28. Qe4 Qxe4 29. fxe4 Bf8 30. Bd2 f6 31. Kf3 Kf7 32. h4 h5 33. Bc3 Ke6 34.
g4 hxg4+ 35. Kxg4 Be7 36. Kg3 Bd8 37. Kh3 Be7 38. Kg4 Bd8 39. h5 gxh5+ 40. Kxh5
f5 41. exf5+ Kxf5 42. Kh6 d5 43. Kg7 Ke6 44. Kg6 Bb6 45. e4 dxe4 46. dxe4 Bc7
47. Kg5 Bd6 48. Kg4 Bc7 49. Kf3 Bd6 50. Ke3 Bc7 51. Bd4 Bd6 52. Bc5 Be5 53. Kd3
Bf6 54. Bd4 Be7 55. Kc3 Bd6 56. Bc5 1/2-1/2

[Event "Monarch Assurance Isle of Man 7th"]
[Site "Port Erin IOM"]
[Date "1998.11.08"]
[Round "2"]
[White "Hanley, Craig"]
[Black "Cooper, Lawrence"]
[Result "1/2-1/2"]
[WhiteElo "2010"]
[BlackElo "2335"]
[PlyCount "57"]
[EventDate "1998.11.07"]
[EventType "swiss"]
[EventRounds "9"]
[EventCountry "IOM"]

1. c4 b6 2. Nc3 c5 3. e4 Bb7 4. g3 Nc6 5. Bg2 Nd4 6. Nge2 Nxe2 7. Qxe2 e6 8.
O-O Ne7 9. d3 Nc6 10. Be3 d6 11. f4 Be7 12. f5 Bf6 13. fxe6 fxe6 14. Qh5+ g6
15. Qg4 Qe7 16. Bh3 Nd4 17. Bh6 Bg7 18. Bg5 Qc7 19. Rae1 Be5 20. Rf2 Rf8 21.
Ref1 Rxf2 22. Rxf2 a6 23. Ne2 Bc8 24. Kg2 Nxe2 25. Qxe2 Qg7 26. Qd2 Qg8 27. Bh6
Ra7 28. Qd1 Bd4 29. Rf1 1/2-1/2

[Event "Monarch Assurance Isle of Man 7th"]
[Site "Port Erin IOM"]
[Date "1998.11.08"]
[Round "2"]
[White "Longson, Alex"]
[Black "Whitehead, Mark"]
[Result "1/2-1/2"]
[WhiteElo "2135"]
[BlackElo "2050"]
[PlyCount "49"]
[EventDate "1998.11.07"]
[EventType "swiss"]
[EventRounds "9"]
[EventCountry "IOM"]

1. e4 c5 2. Nc3 Nc6 3. Bb5 Nd4 4. Bc4 e6 5. Nf3 Ne7 6. O-O Nec6 7. Nxd4 cxd4 8.
Ne2 Bc5 9. d3 O-O 10. Ng3 Na5 11. e5 d5 12. Bb3 f5 13. exf6 Qxf6 14. Bd2 Nxb3
15. axb3 Bd6 16. f4 Bd7 17. Qf3 g6 18. Rf2 Rf7 19. Raf1 Raf8 20. Ne2 Bc6 21.
Qg4 h5 22. Qh3 Bd7 23. Qf3 Bc6 24. Qh3 Bd7 25. Qf3 1/2-1/2

[Event "Monarch Assurance Isle of Man 7th"]
[Site "Port Erin IOM"]
[Date "1998.11.08"]
[Round "2"]
[White "Miezis, Normunds"]
[Black "Ledger, Andrew"]
[Result "1/2-1/2"]
[WhiteElo "2515"]
[BlackElo "2450"]
[PlyCount "152"]
[EventDate "1998.11.07"]
[EventType "swiss"]
[EventRounds "9"]
[EventCountry "IOM"]

1. c4 c6 2. e4 d5 3. cxd5 cxd5 4. exd5 Nf6 5. Bb5+ Nbd7 6. Nc3 a6 7. Qa4 Rb8 8.
Bxd7+ Qxd7 9. Qb3 b5 10. Nf3 Bb7 11. Ne5 Qd6 12. d4 Bxd5 13. Nxd5 Qxd5 14. O-O
e6 15. Bg5 Ra8 16. Rfc1 Bd6 17. Qe3 Nd7 18. Bf4 Nf6 19. Bg5 Nd7 20. Nxd7 Kxd7
21. Bf4 Rhc8 22. Bxd6 Qxd6 23. Rc5 Rxc5 24. dxc5 Qd5 25. h3 Ke8 26. Rc1 Rc8 27.
a3 Rc6 28. b4 e5 29. Re1 Re6 30. Qe2 Qb3 31. Qe4 g6 32. Re3 Qd1+ 33. Kh2 Kf8
34. Rc3 Qd7 35. Rd3 Qc7 36. Kg1 Kg7 37. h4 Qc6 38. Qxc6 Rxc6 39. Rd7 Kf6 40.
Kf1 Ke6 41. Ra7 h5 42. Ke2 f5 43. Ke3 Kf6 44. Rb7 Ke6 45. f3 Kd5 46. Rd7+ Ke6
47. Rd8 Ke7 48. Ra8 Kd7 49. Ra7+ Ke6 50. g3 Kd5 51. Kd3 Re6 52. Rd7+ Kc6 53.
Rd8 Kc7 54. Rf8 Kc6 55. Ke3 Kd5 56. Rd8+ Kc6 57. g4 hxg4 58. fxg4 fxg4 59. Rf8
e4 60. Rf4 Kd5 61. Rxg4 a5 62. Rg1 axb4 63. axb4 Rf6 64. Rd1+ Ke5 65. Rc1 Rf3+
66. Ke2 Rf7 67. c6 Kd6 68. Ke3 Kc7 69. Kxe4 Rh7 70. Rh1 Rh5 71. Rg1 Rxh4+ 72.
Kd5 Rh5+ 73. Kd4 g5 74. Rf1 g4 75. Rf7+ Kxc6 76. Rf6+ Kc7 1/2-1/2

[Event "Monarch Assurance Isle of Man 7th"]
[Site "Port Erin IOM"]
[Date "1998.11.08"]
[Round "2"]
[White "Nicholson, John"]
[Black "Palliser, Richard"]
[Result "0-1"]
[WhiteElo "2045"]
[BlackElo "2175"]
[PlyCount "54"]
[EventDate "1998.11.07"]
[EventType "swiss"]
[EventRounds "9"]
[EventCountry "IOM"]

1. e4 c5 2. Nc3 Nc6 3. g3 g6 4. Bg2 Bg7 5. d3 d6 6. f4 e6 7. Nf3 Nge7 8. O-O
O-O 9. Ne2 d5 10. e5 f6 11. exf6 Bxf6 12. c3 Qd6 13. d4 b6 14. Be3 a5 15. Re1
a4 16. b4 cxb4 17. cxb4 Nxb4 18. a3 Nbc6 19. Nc3 Na5 20. Qxa4 Bd7 21. Qb4 Qxb4
22. axb4 Nc4 23. Bf2 Nc6 24. Rxa8 Rxa8 25. Ne5 Bxe5 26. dxe5 Nxb4 27. Bxb6 Nxb6
0-1

[Event "Monarch Assurance Isle of Man 7th"]
[Site "Port Erin IOM"]
[Date "1998.11.08"]
[Round "2"]
[White "Sedgwick, David"]
[Black "Baburin, Alexander"]
[Result "0-1"]
[WhiteElo "2095"]
[BlackElo "2590"]
[PlyCount "32"]
[EventDate "1998.11.07"]
[EventType "swiss"]
[EventRounds "9"]
[EventCountry "IOM"]

1. e4 c5 2. Bc4 Nc6 3. c3 Nf6 4. d3 g6 5. Qe2 d5 6. Bb3 c4 7. exd5 Qxd5 8. Bxc4
Qxg2 9. Qf3 Bh3 10. Nd2 Ne5 11. Qxh3 Qxh1 12. Qg3 Nxc4 13. Nxc4 Qd5 14. Ne2 Bg7
15. Bg5 Rd8 16. O-O-O Ne4 0-1